Online
Catalog

Cine y literatura. Relación y posibilidades didácticas / (Record no. 22057)

MARC details
000 -CABECERA
campo de control de longitud fija 01722nam a2200217 a 4500
001 - NÚMERO DE CONTROL
campo de control 000022560
005 - FECHA Y HORA DE LA ÚLTIMA TRANSACCIÓN
campo de control 20200930021656.0
008 - DATOS DE LONGITUD FIJA--INFORMACIÓN GENERAL
campo de control de longitud fija 101013s2001 sp 000 0 spa d
020 ## - NÚMERO INTERNACIONAL ESTÁNDAR DEL LIBRO
Número Internacional Estándar del Libro 8485840879
040 ## - FUENTE DE LA CATALOGACIÓN
Centro catalogador/agencia de origen DO-SdBNP
Lengua de catalogación spa
Centro/agencia transcriptor BNPHU
082 ## - NÚMERO DE LA CLASIFICACIÓN DECIMAL DEWEY
Número de clasificación xxxx
Número de documento/Ítem C574l
049 ## - FONDOS LOCALES (OCLC)
Fondos de biblioteca BNPD
245 00 - MENCIÓN DE TÍTULO
Título Cine y literatura. Relación y posibilidades didácticas /
Mención de responsabilidad, etc. coordinadoras Gemma Pujals y Celia Romea.
260 ## - PUBLICACIÓN, DISTRIBUCIÓN, ETC.
Lugar de publicación, distribución, etc. Barcelona, :
Nombre del editor, distribuidor, etc. ICE-HORSORI,
Fecha de publicación, distribución, etc. 2001.
300 ## - DESCRIPCIÓN FÍSICA
Extensión 224 p. ;
Dimensiones 21 cm.
490 1# - MENCIÓN DE SERIE
Mención de serie Cuadernos de educación
Designación de volumen o secuencia 34
504 ## - NOTA DE BIBLIOGRAFÍA, ETC.
Nota de bibliografía, etc. Incluye referencias bibliográficas y notas al pie de las páginas
504 ## - NOTA DE BIBLIOGRAFÍA, ETC.
Nota de bibliografía, etc. Bibliografías : p. 223-224
505 2# - NOTA DE CONTENIDO CON FORMATO
Nota de contenido con formato Prolegómenos / Gemma Pujals -- Narración litearia-Narración audiovisual -- Qué une y qué separa al cine y a la literatura? / Celia Romea -- Cine y literatura. (Cómo un escritor ve cambiada su obra en guión( / Andreu Martín -- Mitos literarios y argumentos cinematográficos -- El mito artúrico / Carmen Echazarreta -- Frakestein, de la literatura al cine. Una propuesta / Manuela Pérez- María Vila -- Literatura de terror: Drácula de Bram Stoker y la versión cinematográfica de Francis Ford Coppola / Flor de Lis Igualada -- Clásicos y modernos -- Una película, una lectura de texto, análisis de la recepción de el perro del hortelano / Gemma Pujals- Celia Romea -- Enrique V: la obra literaria y la pelicula en el aula de secundaria -- Elementos no verbales en la literatura y el cine / Mercé Coll -- Interacción de lenguajes -- Del film al papel: experiencias en la educación primaria / Anna Solá, componente del colectivo Drac Mágic -- Tintîn y el cine / Alba Ambrós - Marta Rovira.
830 #0 - PUNTO DE ACCESO ADICIONAL DE SERIE-TÍTULO UNIFORME
Título uniforme Cuadernos de educación
Número de parte o sección de la obra 34
9 (RLIN) 46436
Holdings
Estado de retiro Estado de pérdida Restricciones de uso No para préstamo Código de colección Localización permanente Ubicación/localización actual Ubicación en estantería Fecha de adquisición Número de inventario Total de préstamos Signatura topográfica completa Código de barras Fecha visto por última vez Precio válido a partir de Tipo de ítem Koha
      Excluido de préstamo Monografías: Libros y Folletos General General En catalogación 13.10.2010 LF1   xxxx C574l 22560-10 25.06.2020 25.06.2020 No se presta

Powered by Koha